| 000 | 02078 a2200241 4500 | ||
|---|---|---|---|
| 001 | 14643 | ||
| 005 | 20260407155448.0 | ||
| 008 | 260407a2000 arg spa d | ||
| 003 | AR-UNSa-BCEJYS | ||
| 040 |
_aAR-UNSa-BCEJYS _bspa _cAR-UNSa-BCEJYS |
||
| 080 |
_a330.101.541 _xMacroeconomía |
||
| 245 | 1 | 0 | _aCurso de macroeconomía |
| 020 | _a978-84-85855-93-3 | ||
| 250 | _a2a. ed. | ||
| 264 | 1 |
_aBarcelona : _bAntoni Bosch _c2000 |
|
| 300 |
_axi, 643 p. _c24 cm. |
||
| 505 | _a1. Macroeconomía: conceptos e instrumentos - 2. Magnitudes macroeconómicas básicas - 3. Introducción y supuestos del modelo - 4. Un modelo sencillo de determinación del nivel de renta: el modelo renta-gasto - 5. La demanda de consumo - 6. La demanda de inversión - 7. El equilibrio en el mercado de bienes: la curva IS - 8. La demanda de dinero - 9. El Sistema Monetario y la oferta de dinero - 10. El equilibrio en los mercados financieros: la curva LM - 11. El modelo IS-LM: el equilibrio del nivel de renta, la política monetaria y la política fiscal - 12. Introducción del nivel de precios en el modelo IS-LM: la curva de demanda agregada - 13. El mercado de trabajo y la oferta agregada en el modelo keynesiano - 14. El modelo keynesiano completo. El papel de la política económica - 15 .El modelo clásico - 16. La inflación: causas y efectos - 17. La relación entre inflación y desempleo - 18. Nueva Macroeconomía Clásica y Nueva Macroeconomía Keynesiana - 19.Introducción a la macroeconomía de una economía abierta - 20. La determinación del nivel de renta en la economía abierta - 21. El ajuste de la balanza de pagos - 22. La política monetaria y la política fiscal en la economía abierta - 23. La oferta agregada y la economía abierta - 24. Algunos desarrollos recientes de la teoría macroeconómica | ||
| 942 | _cBK | ||
| 590 | _aniveau_biblio:m niveau_hierar:0 | ||
| 100 | 1 | _aBajo, Óscar | |
| 700 | 1 | _aMonés, María Antonia | |
| 856 | 4 | 1 |
_uhttps://biblioeco.unsa.edu.ar/pmb/images/libros/Curso de Macroeconomia2-l118948.jpg _yImagen de portada _qimage/jpeg |
| 999 |
_c589 _d589 |
||